000 00715nam a22002057a 4500
005 20240620114823.0
010 _aENG-111219
020 _a9780198099437
_c995.00
035 _aEN-94751
037 _bDBAD/PUB
082 _a305.2350954
100 _aRobinson, Teresa Platz
_967607
245 _aCafe culture in Pune :
_cby Teresa Platz Robinson
_bbeing young and middle class in urban India /
260 _aNew Delhi
_bOxford University Press
_c2014
270 _aYMCA Library building, 1 Jai Singh Road
_bNew Delhi
_e110001
300 _aviii, 285p.
_c22cm(Hb)
500 _aIncludes bibliographical references and index
700 _aMenon, Ajit
_967608
942 _2ddc
_cEN
_h305.2350954
_mROB
999 _c90024
_d90024